| 000 | 00905cam a2200313 aa4500 | ||
|---|---|---|---|
| 001 | 22409 | ||
| 003 | SK-KTurca | ||
| 005 | 20260327153540.0 | ||
| 008 | 240318s2013 xo e 000 f slo | ||
| 015 | _aSNBA2016/04 | ||
| 020 |
_a9788089482979 _q(viaz.) |
||
| 035 | _aurn:nbn:sk:snk-am00bcx4 | ||
| 035 | _aurn:nbn:sk:snk-am3h81h | ||
| 035 | _a79367576-1491-4065-83F6-793574331337 | ||
| 040 |
_aTVZK _bslo _cTVZK _dSNK _eAACR2 |
||
| 041 | 0 | _aslo | |
| 044 |
_axo _cSK |
||
| 072 | 7 |
_a821.162.4-3 _xSlovenská próza _2konspekt |
|
| 080 |
_a821.162.4-31 _22011 |
||
| 100 | 1 |
_aOndriová, Ivana, _d1981- _4aut |
|
| 245 | 1 | 0 |
_aMilovanie po mexicky _cIvana Ondriová |
| 250 | _aVyd. 1. | ||
| 260 |
_a[Bratislava] _bMotýľ _c2013 |
||
| 300 |
_a253 s. _c21 cm |
||
| 500 | _aMiesto vyd. podľa ISBN | ||
| 655 | 7 |
_aslovenské romány _2SNKPH |
|
| 655 | 7 |
_aSlovak fiction _2SNKPHeng |
|
| 942 |
_2ddc _cKLDO _n0 |
||
| 999 |
_c22409 _d22409 |
||